Elementos Usados em Moedas Brasileiras - Statistics

Estatísticas Gerais
  • Esse quiz foi jogado 3 681 vezes
  • A pontuação média é 5 de 8
Estatísticas das Respostas
Elemento % Correto
Ouro
93%
Prata
90%
Cobre
88%
Ferro
78%
Níquel
51%
Estanho
32%
Carbono
24%
Crômio
16%
Nenhum quiz correspondente encontrado
Distribuição das Pontuações
Porcentagem de Pessoas com Cada Pontuação
Percentil de Números Respondidos
Sua Pontuação Histórica
Você não jogou esse quiz